Reflexions sobre l'àrea metropolitana de Barcelona /
Descripción Física:
6 pàgs. ; mapes ; taules ; 29 cm.
Colección:
Arrel : revista editada per la Diputació de Barcelona
; Núm. 10 (juliol, 1985) ; pàgs. 20-25
MARC
| LEADER | 00000nab a2200000 a 4500 | ||
|---|---|---|---|
| 001 | 8161 | ||
| 003 | Arxiu | ||
| 005 | 20260324175955.0 | ||
| 008 | 160829s9999 xx 000 0 cat d | ||
| 100 | |a Alemany i Llovera, Joan |9 26923 | ||
| 245 | |a Reflexions sobre l'àrea metropolitana de Barcelona / |c J. Alemany i M. Parellada | ||
| 260 | |a Barcelona : |b Diputació de Barcelona ; |c 1985 | ||
| 300 | |a 6 pàgs. ; |b mapes ; taules ; |c 29 cm. | ||
| 490 | |a Arrel : revista editada per la Diputació de Barcelona ; |v Núm. 10 (juliol, 1985) ; pàgs. 20-25 |x 0211-562X | ||
| 650 | |a Àrea Metropolitana de Barcelona |x Divisions administratives i polítiques |9 42961 | ||
| 856 | 4 | |u https://media.diba.cat/diba/fitxers/arxiu/hemeroteca/arrel/8161/bib_8161_1984_1986_n02_a03_baixa.pdf |y bib_8161_1984_1986_baixa.pdf | |
| 856 | 4 | ||
| 901 | |a Arxiu | ||
| 942 | |n 1 |2 udc |c Articles de revista | ||
| 952 | |0 0 |1 0 |2 udc |4 0 |6 REV94 |7 1 |9 51109 |a Arxiu |b Arxiu |d 2016-12-01 |o Rev-94 |r 2016-12-01 00:00:00 |w 2016-12-01 |y ARXIU | ||
| 999 | |c 54952 |d 54952 | ||
| 900 | |a bib_8161_1984_1986_n02_a03_baixa.pdf | ||